000
00258nam a2200097 a 4500
005
20200930080400.0
008
120418s1996 000 spa d
245
3
_a
El cultivo de Chile tabasco para procesamiento.
260
_a
La Lima,
_c
1996.
999
_c
36953
_d
36953
040
_a
DO-SdBNP